Unlocking Romans : (Record no. 10068)
[ view plain ]
| 000 -LEADER | |
|---|---|
| fixed length control field | 01836cam a2200325 a 4500 |
| 001 - CONTROL NUMBER | |
| control field | 15327149 |
| 003 - CONTROL NUMBER IDENTIFIER | |
| control field | OSt |
| 005 - DATE AND TIME OF LATEST TRANSACTION | |
| control field | 20210209122946.0 |
| 008 - FIXED-LENGTH DATA ELEMENTS--GENERAL INFORMATION | |
| fixed length control field | 080612s2008 miu b 001 0 eng |
| 010 ## - LIBRARY OF CONGRESS CONTROL NUMBER | |
| LC control number | 2008026254 |
| 020 ## - INTERNATIONAL STANDARD BOOK NUMBER | |
| International Standard Book Number | 9780802862907 (pbk. : alk. paper) |
| 020 ## - INTERNATIONAL STANDARD BOOK NUMBER | |
| International Standard Book Number | 080286290X (pbk. : alk. paper) |
| 035 ## - SYSTEM CONTROL NUMBER | |
| System control number | (OCoLC)221160461 |
| 035 ## - SYSTEM CONTROL NUMBER | |
| System control number | (OCoLC)ocn221160461 |
| 040 ## - CATALOGING SOURCE | |
| Original cataloging agency | DLC |
| Transcribing agency | DLC |
| Modifying agency | BTCTA |
| -- | BAKER |
| -- | YDXCP |
| -- | C#P |
| -- | BWX |
| -- | CDX |
| -- | DLC |
| 050 00 - LIBRARY OF CONGRESS CALL NUMBER | |
| Classification number | BS2665.6.R47 |
| Item number | K59U |
| 082 00 - DEWEY DECIMAL CLASSIFICATION NUMBER | |
| Classification number | 232/.5 |
| Edition number | 22 |
| Item number | K59U |
| 100 1# - MAIN ENTRY--PERSONAL NAME | |
| Personal name | Kirk, J. R. Daniel. |
| 245 10 - TITLE STATEMENT | |
| Title | Unlocking Romans : |
| Remainder of title | resurrection and the justification of God / |
| Statement of responsibility, etc. | J.R. Daniel Kirk. |
| 260 ## - PUBLICATION, DISTRIBUTION, ETC. | |
| Place of publication, distribution, etc. | Grand Rapids, Mich. : |
| Name of publisher, distributor, etc. | William B. Eerdmans Pub., |
| Date of publication, distribution, etc. | 2008. |
| 300 ## - PHYSICAL DESCRIPTION | |
| Extent | xiv, 245 p. ; |
| Dimensions | 23 cm. |
| 504 ## - BIBLIOGRAPHY, ETC. NOTE | |
| Bibliography, etc. note | Includes bibliographical references and indexes. |
| 505 0# - FORMATTED CONTENTS NOTE | |
| Formatted contents note | Romans under lock and key? -- Functions of resurrection in early Judaism -- Resurrection, Messiah, and the justification of God : Romans 1:1-7 and 15:12 -- Resurrection and the promise of Abraham : Romans 4:13-25 -- Resurrection and final salvation : Romans 5:9-10 -- Resurrection and Mosaic law (I) : Romans 5:12- 8:11 -- Resurrection and new creation : Romans 8:12-39 -- Resurrection and Mosaic law (II) : Romans 10:6-13 -- Resurrection and the future of Israel : Romans 11:15 -- Resurrection and the Lord of the church : Romans 13:8-14 and 14:1-9 -- Reading with the Apostle. |
| 630 00 - SUBJECT ADDED ENTRY--UNIFORM TITLE | |
| Uniform title | Bible. |
| Name of part/section of a work | Romans |
| General subdivision | Criticism, interpretation, etc. |
| 650 #0 - SUBJECT ADDED ENTRY--TOPICAL TERM | |
| Topical term or geographic name entry element | Resurrection |
| General subdivision | Biblical teaching. |
| 856 41 - ELECTRONIC LOCATION AND ACCESS | |
| Materials specified | Table of contents only |
| Uniform Resource Identifier | <a href="http://www.loc.gov/catdir/toc/fy0903/2008026254.html">http://www.loc.gov/catdir/toc/fy0903/2008026254.html</a> |
| 906 ## - LOCAL DATA ELEMENT F, LDF (RLIN) | |
| a | 7 |
| b | cbc |
| c | orignew |
| d | 1 |
| e | ecip |
| f | 20 |
| g | y-gencatlg |
| 942 ## - ADDED ENTRY ELEMENTS (KOHA) | |
| Source of classification or shelving scheme | Dewey Decimal Classification |
| Koha item type | Books |
| Withdrawn status | Lost status | Source of classification or shelving scheme | Damaged status | Not for loan | Collection code | Home library | Current library | Shelving location | Date acquired | Total Checkouts | Full call number | Barcode | Date last seen | Price effective from | Koha item type |
|---|---|---|---|---|---|---|---|---|---|---|---|---|---|---|---|
| Dewey Decimal Classification | Non-fiction | Harvest Mission College | Harvest Mission College | General Stacks | 17.02.2021 | 232.5 K59U | 011568 | 17.02.2021 | 17.02.2021 | Books |
